| 000 -LEADER |
| fixed length control field |
01434pab a2200181 454500 |
| 008 - FIXED-LENGTH DATA ELEMENTS--GENERAL INFORMATION |
| fixed length control field |
180718b2006 xxu||||| |||| 00| 0 eng d |
| 100 ## - MAIN ENTRY--PERSONAL NAME |
| Personal name |
Pethe, Abhay |
| 245 ## - TITLE STATEMENT |
| Title |
Towards economic empowerment of urban local bodies in Maharashtra |
| 260 ## - PUBLICATION, DISTRIBUTION, ETC. |
| Date of publication, distribution, etc. |
2006 |
| 300 ## - PHYSICAL DESCRIPTION |
| Extent |
p.635-41. |
| 362 ## - DATES OF PUBLICATION AND/OR SEQUENTIAL DESIGNATION |
| Dates of publication and/or sequential designation |
16 Feb |
| 520 ## - SUMMARY, ETC. |
| Summary, etc. |
Scarcity of resources for urban infrastructure is a universal concern in developing economies. Also, prudent mandate of macroeconomic management has led to a reduction in hand-downs from higher governments. The sub-national governments have had to look at several alternatives with a sense of urgency. In this paper we focus on the possibilities of the sub-national governments accessing, the financial markets in general and the debt market in particular. Our paper focuses on the need to create virtual entities - self-help groups amongst the urban local bodiws - that could expand the domain of eligible ULBs. We visualise a scheme for capital market access by ULBs, which would work without the state acting as an intermediary and also without any new institution being set up. We provide the theoretical underpinnings, illustrate and operationalise the idea with the help of data related to ULBs in the state of Maharashtra. - Reproduced. |
| 650 ## - SUBJECT ADDED ENTRY--TOPICAL TERM |
| Topical term or geographic name entry element |
Local government - India - Maharashtra |
| 650 ## - SUBJECT ADDED ENTRY--TOPICAL TERM |
| Topical term or geographic name entry element |
Local government |
| 700 ## - ADDED ENTRY--PERSONAL NAME |
| Personal name |
Lalvani, Mala |
| 773 ## - HOST ITEM ENTRY |
| Main entry heading |
Economic and Political Weekly |
| 909 ## - |
| -- |
68963 |